02182nam a22002897a 4500003000900000008004100009040007100050082002400121110003600145245008800181260005300269300002900322440010800351505115700459650001601616650002801632650001701660650002001677700002101697700003201718700002001750700002401770700002701794700001601821700002801837700002701865AR-CdUCM190425b ||||| |||| 00| 0 spa d aMUNICIPALIDAD PROVINCIAL DEL CUSCOcBIBLIOTECA MUNICIPAL DEL CUSCO aRev.Andi/N°41/2005 aCentro Bartolomé de Las Casas aRevista andina /cCentro de estudios rurales andinos Bartolomé de Las Casas Cusco aCusco :bCentro Bartolomé de Las Casas,c2005. a261 páginas. :c23 cm. aPublicación Semestral del Centro Bartolomé de Las Casas Cusco.nNúmero 41, Segundo semestre 2005. aContenido: La adscripción étnica de los pueblos andinos de Chile analizada a través de las cifras censales de 1992 y 2002. Hans Gundermann. -- La representación del animu en los Andes del sur peruano. Palmira La Riva González. -- Una cuestión dentro de la cuestión: el nacionalismo y la cuestión indígena en el sur del Perú, 1900-1930. William E. Skuban. -- Devoción cristiana, uniones consagradas y elecciones materiales en la construcción de identidades indígenas urbanas. Charcas, 1550-1650. Ana María Presta. --En defensa del pacto tributario. Los indígenas bolivianos frente al proyecto liberal: S. XIX. Pilar Mendieta Parada. -- Cambio y continuidad en la arquitectura ceremonial ayacuchana de los Períodos Intermedio Temprano y Horizonte Medio. Juan B. Leoni. -- Interrelaciones entre invasores de tierras y propietarios en el Cuzco contemporáneo. Centro de Investigaciones Multidisciplinarias Ruasun. -- Machu Picchu un rompecabezas para armar. Mariana Mould de Pease. -- Algunas reflexiones en torno al estudio de las unidades domésticas en la arqueología Humahuaca Jujuy-Argentina. María Clara Rivolta. aMachupicchu aArquitectura ayacuchana aNacionalismo aPueblos andinos aGundermann, Hans aLa Riva González, Palmira aSkuban, William aPresta, Ana María aMendieta Parada, Pilar aLeoni, Juan aMould de Pease, Mariana aMaría Clara, Rivolta